| 000 | 00529nam a2200181 a 4500 | ||
|---|---|---|---|
| 005 | 20230923063602.0 | ||
| 008 | 081109s2000 mx r 000 0 spa d | ||
| 020 | _a9687462345 | ||
| 035 | _aUPN01000166069 | ||
| 049 | _aUNE | ||
| 080 | _aOC 338.984 (72) "2002" INF. | ||
| 245 | 0 | 0 | _aInforme sobre desarrollo humano: México, 2002. |
| 260 | _aMéxico: PNUD: Ediciones Mundi-Prensa, 2003. | ||
| 300 | _axiii, 146 p.; 30 cm. il., map., retrs. | ||
| 690 |
_aDesarrollo humano _913482 |
||
| 690 | _aMéxico | ||
| 905 | _aUNESCO | ||
| 999 |
_c138181 _d138181 |
||